000 00226nam a22000977a 4500
999 _c263527
_d263526
020 _a9780064400589
100 _aJean Craighead George
245 _aJulie of the wolves
260 _aNew York
_bHarperCollins
_c1972
942 _cBK